000 00434nam a2200109Ia 4500
008 160909s9999 xx 000 0 und d
100 _aMcConnell, Mark Dewitt
245 _aInvestigating the influence of density-dependent and density-independent factors on Northern Bobwhite population processes
260 _bMississippi State University.
_c2016
650 _aFOOD
856 _uhttp://pqdtopen.proquest.com/doc/1784199562.html?FMT=ABS
999 _c304022
_d304022